| 000 | 00468cam a2200181ua 4500 | ||
|---|---|---|---|
| 020 |
_a0 7069 0454 0 _c40.00 |
||
| 041 |
_aeng _h |
||
| 082 |
_a636 _bSAS/FA |
||
| 100 | _aSastry, N S R . | ||
| 245 |
_aFarm animal management / _cN S R Sastry. _hTextual Documents |
||
| 260 |
_aNew Delhi : _bVikas publishing house pvt ltd , _c1976. |
||
| 300 | _a391 ; . | ||
| 365 | _a40.00 | ||
| 504 | _a | ||
| 700 | 1 | _aThomas, C K . | |
| 942 | _cBK | ||
| 999 |
_c2965 _d2965 |
||